A text book of Accounting the management (Record no. 627)

MARC details
000 -LEADER
fixed length control field 00441nam a22001697a 4500
005 - DATE AND TIME OF LATEST TRANSACTION
control field 20160512101343.0
008 - FIXED-LENGTH DATA ELEMENTS--GENERAL INFORMATION
fixed length control field 160512b xxu||||| |||| 00| 0 eng d
020 ## - INTERNATIONAL STANDARD BOOK NUMBER
ISBN 9788125-921400
041 ## - LANGUAGE CODE
Language code of text/sound track or separate title eng
082 ## - DEWEY DECIMAL CLASSIFICATION NUMBER
Item number 1550
100 ## - MAIN ENTRY--AUTHOR NAME
Personal name Maheshwari S.N. Maheshwari S.K.
245 ## - TITLE STATEMENT
Title A text book of Accounting the management
260 ## - PUBLICATION, DISTRIBUTION, ETC. (IMPRINT)
Place of publication NOIDA
Name of publisher VIKAS PUBLISHING HOUSE
Year of publication 2006
300 ## - PHYSICAL DESCRIPTION
Number of Pages 4.302
650 ## - SUBJECT ADDED ENTRY--TOPICAL TERM
Topical Term Management
942 ## - ADDED ENTRY ELEMENTS (KOHA)
Koha item type Books
Holdings
Lost status Damaged status Collection code Home library Current library Shelving location Date acquired Cost, normal purchase price Full call number Accession Number Koha item type
    MANAGEMENT JRU Library JRU Library SHELF-73-L 12/05/2016 435.00 1550 1550 Books
    MANAGEMENT JRU Library JRU Library Shelf - 27- F 12/05/2016 435.00 1550 1551 Books
    MANAGEMENT JRU Library JRU Library SHELF-73-L 12/05/2016 435.00 1550 1552 Books
    Reference JRU Library   SHELF-28-H 12/05/2016 435.00 1550 1553 Books
    MANAGEMENT JRU Library JRU Library Shelf - 27- F 12/05/2016 435.00 1550 1554 Books